MLB Starting Lineups NL West - Statistics

General Stats
  • This quiz has been taken 30 times
  • The average score is 35 of 60
Answer Stats
Hint Answer % Correct
1B Christian Walker
86%
LF Corbin Carroll
86%
RF Fernando Tatis Jr.
86%
1B Freddie Freeman
86%
2B Ha-Seong Kim
86%
1B Jake Cronenworth
86%
2B Ketel Marte
86%
DH Manny Machado
86%
SS Mookie Betts
86%
DH Shohei Ohtani
86%
C Will Smith
86%
SP Zac Gallen
86%
C Gabriel Moreno
79%
2B Gavin Lux
71%
SP Joe Musgrove
71%
3B Max Muncy
71%
RF Teoscar Hernandez
71%
SP Tyler Glasnow
71%
3B Xander Bogaerts
71%
DH Charlie Blackmon
64%
3B Eugenio Suarez
64%
CF James Outman
64%
1B Lamonte Wade Jr.
64%
SP Logan Webb
64%
3B Matt Chapman
64%
San Diego Padres
64%
CL Robert Suarez
64%
Arizona Diamondbacks
57%
LA Dodgers
57%
C Elias Diaz
57%
San Francisco Giants
57%
SS Jackson Merrill
57%
RF Joc Pederson
57%
CF Jung Hoo Lee
57%
CF Jurickson Profar
57%
C Luis Campusano
57%
C Patrick Bailey
57%
3B Ryan McMahon
57%
SS Ezequiel Tovar
50%
CF Jake McCarthy
50%
LF Jason Heyward
50%
SS Nick Ahmed
50%
Colorado Rockies
50%
2B Brendan Rodgers
43%
CL Camilo Doval
43%
CL Evan Phillips
43%
DH Lourdes Gurriel Jr.
43%
LF Michael Conforto
43%
RF Mike Yastrzemski
43%
LF Nolan Jones
43%
CF Brenton Doyle
36%
DH Jorge Soler
36%
CL Paul Sewald
36%
2B Thairo Estrada
36%
SP Cal Quantrill
29%
SS Blaze Alexander
21%
CL Daniel Bard
21%
RF Sean Bouchard
21%
1B Elehuris Montero
7%
LF Jose Azocar
7%
No matching quizzes found
Score Distribution
Percent of People with Each Score
Percentile by Number Answered
Your Score History
You have not taken this quiz